000 00382nam a2200157 i 4500
001 bg
100 1 _aCHOJNACKI, Wiktor
245 0 _aInstalowanie i wyposażenie radiostacji amatorskich /
_cW. Chojnacki.
250 _aWyd.2 zm.
260 _aWarszawa,
_c1986.
040 _cBPK
041 _apol
080 _a621.396
942 _cKS
008 s pl f |000 0 pol
999 _c2823
_d2823
856 _uhttp://koha.tu.koszalin.pl/cgi-bin/koha/opac-detail.pl?biblionumber=2823
_yKatalog online BPK